<?xml version="1.0" encoding="UTF-8"?>
<record
    xmlns:xsi="http://www.w3.org/2001/XMLSchema-instance"
    xsi:schemaLocation="http://www.loc.gov/MARC21/slim http://www.loc.gov/standards/marcxml/schema/MARC21slim.xsd"
    xmlns="http://www.loc.gov/MARC21/slim">

  <leader>00321nam a22001457a 4500</leader>
  <datafield tag="999" ind1=" " ind2=" ">
    <subfield code="c">9183</subfield>
    <subfield code="d">9183</subfield>
  </datafield>
  <controlfield tag="003">OSt</controlfield>
  <controlfield tag="008">201119b           ||||| |||| 00| 0 eng d</controlfield>
  <datafield tag="100" ind1=" " ind2=" ">
    <subfield code="a">Gupta, S.L.</subfield>
  </datafield>
  <datafield tag="245" ind1=" " ind2=" ">
    <subfield code="a">Practical Physics </subfield>
  </datafield>
  <datafield tag="250" ind1=" " ind2=" ">
    <subfield code="a">33rd</subfield>
  </datafield>
  <datafield tag="260" ind1=" " ind2=" ">
    <subfield code="a">N.D.</subfield>
    <subfield code="b">Pragati </subfield>
    <subfield code="c">2018</subfield>
  </datafield>
  <datafield tag="300" ind1=" " ind2=" ">
    <subfield code="a">227</subfield>
  </datafield>
  <datafield tag="650" ind1=" " ind2=" ">
    <subfield code="a">B.Sc Non Medical </subfield>
  </datafield>
  <datafield tag="942" ind1=" " ind2=" ">
    <subfield code="2">ddc</subfield>
    <subfield code="c">BK</subfield>
  </datafield>
  <datafield tag="952" ind1=" " ind2=" ">
    <subfield code="0">0</subfield>
    <subfield code="1">0</subfield>
    <subfield code="2">ddc</subfield>
    <subfield code="4">0</subfield>
    <subfield code="7">0</subfield>
    <subfield code="8">BSCNM</subfield>
    <subfield code="a">PIETNCR</subfield>
    <subfield code="b">PIETNCR</subfield>
    <subfield code="d">2020-11-19</subfield>
    <subfield code="e">Kirti Prakasan</subfield>
    <subfield code="f">In Rupess</subfield>
    <subfield code="g">440.00</subfield>
    <subfield code="k">IN277</subfield>
    <subfield code="l">0</subfield>
    <subfield code="p">N270</subfield>
    <subfield code="r">2020-11-19 00:00:00</subfield>
    <subfield code="v">330.00</subfield>
    <subfield code="w">2020-11-19</subfield>
    <subfield code="y">REF</subfield>
  </datafield>
  <datafield tag="952" ind1=" " ind2=" ">
    <subfield code="0">0</subfield>
    <subfield code="1">0</subfield>
    <subfield code="2">ddc</subfield>
    <subfield code="4">0</subfield>
    <subfield code="7">0</subfield>
    <subfield code="8">BSCNM</subfield>
    <subfield code="a">PIETNCR</subfield>
    <subfield code="b">PIETNCR</subfield>
    <subfield code="d">2020-11-19</subfield>
    <subfield code="e">Kirti Prakasan</subfield>
    <subfield code="f">In Rupess</subfield>
    <subfield code="g">440.00</subfield>
    <subfield code="k">IN277</subfield>
    <subfield code="l">0</subfield>
    <subfield code="p">N271</subfield>
    <subfield code="r">2020-11-19 00:00:00</subfield>
    <subfield code="v">330.00</subfield>
    <subfield code="w">2020-11-19</subfield>
    <subfield code="y">BK</subfield>
  </datafield>
  <datafield tag="952" ind1=" " ind2=" ">
    <subfield code="0">0</subfield>
    <subfield code="1">0</subfield>
    <subfield code="2">ddc</subfield>
    <subfield code="4">0</subfield>
    <subfield code="7">0</subfield>
    <subfield code="8">BSCNM</subfield>
    <subfield code="a">PIETNCR</subfield>
    <subfield code="b">PIETNCR</subfield>
    <subfield code="d">2020-11-19</subfield>
    <subfield code="e">Kirti Prakasan</subfield>
    <subfield code="f">In Rupess</subfield>
    <subfield code="g">440.00</subfield>
    <subfield code="k">IN277</subfield>
    <subfield code="l">1</subfield>
    <subfield code="p">N272</subfield>
    <subfield code="r">2023-10-30 00:00:00</subfield>
    <subfield code="s">2023-10-30</subfield>
    <subfield code="v">330.00</subfield>
    <subfield code="w">2020-11-19</subfield>
    <subfield code="y">BK</subfield>
  </datafield>
</record>
